| 000 | 00715nam a2200229 i 4500 | ||
|---|---|---|---|
| 001 | 115070 | ||
| 003 | ES-MaACL | ||
| 005 | 20250730063124.0 | ||
| 007 | t| | ||
| 008 | 070221s1910 sp ||||1| spa d | ||
| 080 | _a821,134.2-32"18" | ||
| 100 | 1 |
_aReyes, Arturo, _d1864-1913 _996560 |
|
| 245 | 1 | 0 |
_aDe mi almiar / _cpor Arturo Reyes ; ilustraciones de Xlix. |
| 260 |
_aMadrid : _bEl Cuento Semanal, _c1910. |
||
| 300 |
_a20 p. : _bil. col. y n. ; _c26 cm. |
||
| 490 | 1 |
_aEl cuento semanal ; _v161 |
|
| 500 | _aTodas las páginas deterioradas. | ||
| 700 | 1 |
_aXlix _c, ilustrador. _9117521 |
|
| 830 | 0 | 3 |
_aEl cuento semanal _v161 _9185957 |
| 852 |
_aES-MaACL _jG-4445(4) |
||
| 999 |
_c115070 _d115070 |
||